[Event "Landsturneringen 2017"]
[Site "Clarion Energy Hotel, Stavanger"]
[Date "2017.07.04"]
[Round "5"]
[White "Lund, Gunnar"]
[Black "Ranaldi, Lucas"]
[Result "1/2-1/2"]
[WhiteElo "2051"]
[BlackElo "2269"]
[PlyCount "193"]

1. d4 {[%clk 1:30:51]} Nf6 {[%clk 1:30:29]} 2. Bg5 {[%clk 1:31:05]} Ne4
{[%clk 1:29:48]} 3. Bf4 {[%clk 1:31:20]} c5 {[%clk 1:30:11]} 4. d5
{[%clk 1:31:44]} g6 {[%clk 1:29:45]} 5. f3 {[%clk 1:31:25]} Nf6 {[%clk 1:30:09]}
6. Nc3 {[%clk 1:30:55]} d6 {[%clk 1:30:16]} 7. e4 {[%clk 1:30:52]} a6
{[%clk 1:30:03]} 8. a4 {[%clk 1:29:44]} Bg7 {[%clk 1:29:11]} 9. Bd3
{[%clk 1:16:57]} O-O {[%clk 1:28:01]} 10. Nge2 {[%clk 1:16:22]} Qc7
{[%clk 1:15:14]} 11. b3 {[%clk 1:14:57]} e6 {[%clk 1:08:52]} 12. dxe6
{[%clk 1:12:31]} fxe6 {[%clk 1:02:35]} 13. O-O {[%clk 1:09:23]} Nc6
{[%clk 0:55:47]} 14. Qd2 {[%clk 1:04:38]} Bd7 {[%clk 0:49:36]} 15. Bc4
{[%clk 0:58:10]} Ne8 {[%clk 0:47:42]} 16. Rad1 {[%clk 0:51:55]} Nd4
{[%clk 0:43:59]} 17. Bh6 {[%clk 0:39:40]} Nxe2+ {[%clk 0:21:42]} 18. Bxe2
{[%clk 0:38:02]} Bd4+ {[%clk 0:21:09]} 19. Kh1 {[%clk 0:36:33]} Ng7
{[%clk 0:21:17]} 20. Bc4 {[%clk 0:33:06]} Qa5 {[%clk 0:16:56]} 21. Ne2
{[%clk 0:28:16]} Qxd2 {[%clk 0:16:50]} 22. Rxd2 {[%clk 0:27:52]} b5
{[%clk 0:16:51]} 23. Nxd4 {[%clk 0:26:14]} cxd4 {[%clk 0:16:51]} 24. axb5
{[%clk 0:18:10]} axb5 {[%clk 0:17:02]} 25. Be2 {[%clk 0:16:13]} Rfc8
{[%clk 0:12:42]} 26. Rxd4 {[%clk 0:14:33]} Ne8 {[%clk 0:09:11]} 27. Rd2
{[%clk 0:11:03]} Ra2 {[%clk 0:09:03]} 28. c4 {[%clk 0:09:32]} Rxd2
{[%clk 0:08:52]} 29. Bxd2 {[%clk 0:09:59]} bxc4 {[%clk 0:09:09]} 30. Bxc4
{[%clk 0:10:09]} Nc7 {[%clk 0:07:03]} 31. Kg1 {[%clk 0:05:27]} d5
{[%clk 0:06:58]} 32. Bd3 {[%clk 0:03:08]} Bb5 {[%clk 0:06:59]} 33. Bxb5
{[%clk 0:03:31]} Nxb5 {[%clk 0:07:28]} 34. exd5 {[%clk 0:02:08]} exd5
{[%clk 0:07:11]} 35. Rd1 {[%clk 0:01:52]} d4 {[%clk 0:04:50]} 36. Kf1
{[%clk 0:00:38]} Rc2 {[%clk 0:04:19]} 37. Bf4 {[%clk 0:00:35]} Rc3
{[%clk 0:02:30]} 38. Be5 {[%clk 0:00:48]} Rxb3 {[%clk 0:02:29]} 39. Bxd4
{[%clk 0:01:12]} Nxd4 {[%clk 0:02:36]} 40. Rxd4 {[%clk 0:01:41]} Rb2
{[%clk 0:01:32]} 41. Re4 {[%clk 0:01:31]} Kg7 {[%clk 0:01:31]} 42. Re2
{[%clk 0:01:57]} Rb3 {[%clk 0:01:41]} 43. Re7+ {[%clk 0:02:05]} Kg8
{[%clk 0:30:50]} 44. Kf2 {[%clk 0:32:16]} Ra3 {[%clk 0:30:13]} 45. Rb7
{[%clk 0:32:37]} Rc3 {[%clk 0:30:36]} 46. Ra7 {[%clk 0:32:57]} Rb3
{[%clk 0:30:59]} 47. Kg3 {[%clk 0:32:51]} Rb2 {[%clk 0:30:24]} 48. Kh3
{[%clk 0:32:43]} Rf2 {[%clk 0:30:27]} 49. Kg3 {[%clk 0:32:56]} Rb2
{[%clk 0:30:56]} 50. Re7 {[%clk 0:32:49]} Ra2 {[%clk 0:31:18]} 51. Re1
{[%clk 0:32:55]} Kg7 {[%clk 0:31:38]} 52. Re7+ {[%clk 0:32:44]} Kg8
{[%clk 0:31:31]} 53. Rd7 {[%clk 0:33:03]} Rb2 {[%clk 0:31:53]} 54. Rd1
{[%clk 0:33:17]} Kg7 {[%clk 0:32:12]} 55. Rf1 {[%clk 0:33:09]} Ra2
{[%clk 0:30:14]} 56. Rf2 {[%clk 0:33:26]} Ra3 {[%clk 0:30:16]} 57. Rb2
{[%clk 0:33:40]} Ra7 {[%clk 0:30:24]} 58. h3 {[%clk 0:33:37]} h6 {[%clk 0:30:28]}
59. Rb4 {[%clk 0:33:28]} Rc7 {[%clk 0:30:34]} 60. Rb5 {[%clk 0:33:40]} Ra7
{[%clk 0:30:50]} 61. h4 {[%clk 0:33:30]} Rc7 {[%clk 0:29:07]} 62. h5
{[%clk 0:33:10]} gxh5 {[%clk 0:26:19]} 63. Rxh5 {[%clk 0:32:29]} Rc2
{[%clk 0:24:34]} 64. Re5 {[%clk 0:32:29]} Kg6 {[%clk 0:24:31]} 65. Re1
{[%clk 0:32:45]} Ra2 {[%clk 0:24:49]} 66. Rf1 {[%clk 0:32:59]} Kf5
{[%clk 0:24:25]} 67. Rf2 {[%clk 0:33:17]} Ra6 {[%clk 0:24:04]} 68. Rb2
{[%clk 0:33:38]} Kg6 {[%clk 0:23:53]} 69. Rb4 {[%clk 0:33:54]} Ra2
{[%clk 0:21:17]} 70. Rg4+ {[%clk 0:34:00]} Kh7 {[%clk 0:20:08]} 71. Kh3
{[%clk 0:33:46]} Rb2 {[%clk 0:19:53]} 72. Ra4 {[%clk 0:33:50]} Kg6
{[%clk 0:20:05]} 73. Ra7 {[%clk 0:34:04]} Rc2 {[%clk 0:20:01]} 74. Rb7
{[%clk 0:31:54]} Ra2 {[%clk 0:20:23]} 75. g3 {[%clk 0:31:35]} Ra1
{[%clk 0:20:00]} 76. Kh4 {[%clk 0:31:31]} Rc1 {[%clk 0:18:58]} 77. Ra7
{[%clk 0:31:31]} Rb1 {[%clk 0:19:26]} 78. f4 {[%clk 0:30:59]} Rh1+
{[%clk 0:17:03]} 79. Kg4 {[%clk 0:31:19]} h5+ {[%clk 0:17:25]} 80. Kf3
{[%clk 0:31:45]} Rf1+ {[%clk 0:16:59]} 81. Kg2 {[%clk 0:32:02]} Rb1
{[%clk 0:17:16]} 82. Ra6+ {[%clk 0:32:19]} Kg7 {[%clk 0:16:55]} 83. Kh2
{[%clk 0:32:42]} Rc1 {[%clk 0:17:11]} 84. Rb6 {[%clk 0:32:35]} Ra1
{[%clk 0:17:39]} 85. Rb2 {[%clk 0:32:56]} Kg6 {[%clk 0:17:34]} 86. Kg2
{[%clk 0:32:47]} Rc1 {[%clk 0:17:40]} 87. Rb8 {[%clk 0:31:57]} Ra1
{[%clk 0:16:36]} 88. Rg8+ {[%clk 0:32:04]} Kh6 {[%clk 0:16:34]} 89. Kf3
{[%clk 0:30:47]} Ra3+ {[%clk 0:16:43]} 90. Kg2 {[%clk 0:30:49]} Ra1
{[%clk 0:17:05]} 91. Re8 {[%clk 0:30:37]} Kg6 {[%clk 0:17:01]} 92. Re6+
{[%clk 0:30:12]} Kg7 {[%clk 0:17:06]} 93. Kf3 {[%clk 0:30:29]} Rf1+
{[%clk 0:16:44]} 94. Kg2 {[%clk 0:30:18]} Ra1 {[%clk 0:17:02]} 95. Rd6
{[%clk 0:30:41]} Rb1 {[%clk 0:17:01]} 96. Rd3 {[%clk 0:30:44]} Kg6
{[%clk 0:17:12]} 97. Rd6+ {[%clk 0:28:25]}
1/2-1/2

[Event "Landsturneringen 2017"]
[Site "Clarion Energy Hotel, Stavanger"]
[Date "2017.07.04"]
[Round "5"]
[White "Merkesvik, Sondre"]
[Black "Løbersli, Henrik Øie"]
[Result "1-0"]
[WhiteElo "2211"]
[BlackElo "2084"]
[PlyCount "67"]

1. Nf3 {[%clk 1:29:39]} d5 {[%clk 1:25:58]} 2. g3 {[%clk 1:30:05]} Bg4
{[%clk 1:25:55]} 3. Bg2 {[%clk 1:30:30]} Nc6 {[%clk 1:25:18]} 4. c4
{[%clk 1:28:21]} d4 {[%clk 1:21:02]} 5. h3 {[%clk 0:45:19]} Bf5 {[%clk 1:13:57]}
6. Qa4 {[%clk 0:40:54]} Qd7 {[%clk 1:05:49]} 7. g4 {[%clk 0:39:01]} Bg6
{[%clk 1:03:43]} 8. b4 {[%clk 0:35:18]} f6 {[%clk 0:49:46]} 9. d3
{[%clk 0:26:41]} e5 {[%clk 0:47:51]} 10. a3 {[%clk 0:26:19]} Nge7
{[%clk 0:45:50]} 11. Nbd2 {[%clk 0:19:43]} Nc8 {[%clk 0:34:26]} 12. Nh4
{[%clk 0:16:46]} Bf7 {[%clk 0:34:21]} 13. Ne4 {[%clk 0:16:30]} Rb8
{[%clk 0:34:07]} 14. Bd2 {[%clk 0:12:06]} Be6 {[%clk 0:33:21]} 15. Rb1
{[%clk 0:11:42]} Nd8 {[%clk 0:31:11]} 16. Qxd7+ {[%clk 0:01:01]} Bxd7
{[%clk 0:31:17]} 17. O-O {[%clk 0:00:40]} Be7 {[%clk 0:30:52]} 18. e3
{[%clk 0:00:50]} g6 {[%clk 0:27:41]} 19. Nf3 {[%clk 0:00:46]} dxe3
{[%clk 0:27:13]} 20. fxe3 {[%clk 0:00:53]} O-O {[%clk 0:22:29]} 21. d4
{[%clk 0:01:11]} f5 {[%clk 0:22:08]} 22. Nxe5 {[%clk 0:01:19]} Be8
{[%clk 0:21:11]} 23. gxf5 {[%clk 0:01:25]} gxf5 {[%clk 0:21:21]} 24. Ng3
{[%clk 0:01:49]} Bd6 {[%clk 0:19:02]} 25. Rxf5 {[%clk 0:01:17]} Rxf5
{[%clk 0:19:03]} 26. Nxf5 {[%clk 0:01:44]} Bxe5 {[%clk 0:19:22]} 27. dxe5
{[%clk 0:02:04]} Bg6 {[%clk 0:19:18]} 28. Bd5+ {[%clk 0:02:17]} Kf8
{[%clk 0:18:52]} 29. Rf1 {[%clk 0:02:38]} c6 {[%clk 0:18:36]} 30. Be4
{[%clk 0:01:22]} Ne6 {[%clk 0:17:53]} 31. Nh4+ {[%clk 0:01:14]} Kg7
{[%clk 0:17:55]} 32. Nxg6 {[%clk 0:01:18]} hxg6 {[%clk 0:18:23]} 33. Rf6
{[%clk 0:01:43]} Nf8 {[%clk 0:16:50]} 34. Bc3 {[%clk 0:02:11]}
1-0

[Event "Landsturneringen 2017"]
[Site "Clarion Energy Hotel, Stavanger"]
[Date "2017.07.04"]
[Round "5"]
[White "Saltvedt, Martin"]
[Black "Vestby-Ellingsen, Mads"]
[Result "1/2-1/2"]
[WhiteElo "2046"]
[BlackElo "2175"]
[PlyCount "72"]

1. Nf3 {[%clk 1:30:58]} Nf6 {[%clk 1:30:38]} 2. c4 {[%clk 1:31:10]} g6
{[%clk 1:30:01]} 3. d4 {[%clk 1:31:20]} Bg7 {[%clk 1:30:11]} 4. Nc3
{[%clk 1:30:55]} d5 {[%clk 1:28:54]} 5. Bf4 {[%clk 1:30:43]} O-O {[%clk 1:26:17]}
6. e3 {[%clk 1:29:57]} c6 {[%clk 1:25:46]} 7. Be2 {[%clk 1:29:05]} dxc4
{[%clk 1:10:38]} 8. Bxc4 {[%clk 1:28:06]} b5 {[%clk 1:10:26]} 9. Be2
{[%clk 1:26:51]} Bb7 {[%clk 1:10:01]} 10. O-O {[%clk 1:27:02]} Nbd7
{[%clk 1:09:29]} 11. b4 {[%clk 1:20:35]} a5 {[%clk 1:01:24]} 12. a3
{[%clk 1:20:17]} Qb6 {[%clk 0:58:58]} 13. Qb3 {[%clk 1:17:23]} a4
{[%clk 0:48:17]} 14. Qc2 {[%clk 1:15:04]} Nd5 {[%clk 0:42:45]} 15. Nxd5
{[%clk 1:09:40]} cxd5 {[%clk 0:43:06]} 16. Qd3 {[%clk 1:09:06]} Ba6
{[%clk 0:42:18]} 17. Rac1 {[%clk 1:09:05]} Rac8 {[%clk 0:41:25]} 18. Qd2
{[%clk 1:06:27]} Qb7 {[%clk 0:39:25]} 19. Rxc8 {[%clk 1:00:53]} Rxc8
{[%clk 0:39:43]} 20. Rc1 {[%clk 1:01:08]} Rc6 {[%clk 0:34:58]} 21. Ne1
{[%clk 1:00:22]} Qc8 {[%clk 0:25:53]} 22. Rxc6 {[%clk 0:59:24]} Qxc6
{[%clk 0:26:14]} 23. Nd3 {[%clk 0:59:53]} Nb6 {[%clk 0:25:18]} 24. Nc5
{[%clk 0:58:25]} Nc4 {[%clk 0:25:24]} 25. Qc3 {[%clk 0:58:49]} e6
{[%clk 0:24:23]} 26. f3 {[%clk 0:55:45]} Bf6 {[%clk 0:22:41]} 27. Bd1
{[%clk 0:53:32]} h5 {[%clk 0:20:44]} 28. h3 {[%clk 0:52:51]} Be7 {[%clk 0:19:20]}
29. Bc2 {[%clk 0:51:50]} Bc8 {[%clk 0:18:29]} 30. g4 {[%clk 0:44:24]} hxg4
{[%clk 0:18:25]} 31. hxg4 {[%clk 0:44:22]} Bd6 {[%clk 0:17:38]} 32. Bg5
{[%clk 0:42:16]} Qc7 {[%clk 0:16:34]} 33. Kg2 {[%clk 0:41:31]} Be7
{[%clk 0:16:27]} 34. Bf4 {[%clk 0:41:17]} Bd6 {[%clk 0:16:48]} 35. Bg5
{[%clk 0:41:32]} Be7 {[%clk 0:16:36]} 36. Bf4 {[%clk 0:41:35]} Bd6
{[%clk 0:16:46]}
1/2-1/2

[Event "Landsturneringen 2017"]
[Site "Clarion Energy Hotel, Stavanger"]
[Date "2017.07.04"]
[Round "5"]
[White "Kizatbay, Abyl"]
[Black "Nilsen, Martin"]
[Result "1-0"]
[WhiteElo "2127"]
[BlackElo "2080"]
[PlyCount "53"]

1. e4 {[%clk 1:29:20]} e5 {[%clk 1:30:55]} 2. Nf3 {[%clk 1:28:49]} Nf6
{[%clk 1:31:20]} 3. Nxe5 {[%clk 1:26:42]} d6 {[%clk 1:31:31]} 4. Nf3
{[%clk 1:26:36]} Nxe4 {[%clk 1:31:56]} 5. Nc3 {[%clk 1:27:02]} Bf5
{[%clk 1:14:04]} 6. Bc4 {[%clk 1:09:16]} Be7 {[%clk 0:59:54]} 7. Nd5 c6
{[%clk 0:47:20]} 8. Nxe7 {[%clk 0:47:56]} Qxe7 {[%clk 0:47:44]} 9. O-O
{[%clk 0:47:59]} d5 {[%clk 0:46:46]} 10. Be2 {[%clk 0:35:30]} O-O
{[%clk 0:45:09]} 11. d3 {[%clk 0:31:47]} Nc5 {[%clk 0:37:12]} 12. Nd4
{[%clk 0:28:38]} Bg6 {[%clk 0:32:15]} 13. b3 {[%clk 0:22:46]} Nbd7
{[%clk 0:27:54]} 14. Bb2 {[%clk 0:22:56]} Rfe8 {[%clk 0:25:20]} 15. Bg4
{[%clk 0:21:51]} Nf6 {[%clk 0:15:06]} 16. Bh3 {[%clk 0:21:01]} Qc7
{[%clk 0:12:31]} 17. Qd2 {[%clk 0:20:39]} Qe5 {[%clk 0:06:48]} 18. Rab1
{[%clk 0:18:53]} Qh5 {[%clk 0:06:38]} 19. Qb4 {[%clk 0:18:17]} b6
{[%clk 0:01:32]} 20. Nxc6 {[%clk 0:17:47]} Ne6 {[%clk 0:01:24]} 21. f4
{[%clk 0:15:04]} Bf5 {[%clk 0:00:48]} 22. Bxf5 {[%clk 0:14:46]} Qxf5
{[%clk 0:01:00]} 23. Ne7+ {[%clk 0:14:54]} Rxe7 {[%clk 0:01:29]} 24. Qxe7
{[%clk 0:15:18]} Re8 {[%clk 0:01:06]} 25. Qd6 {[%clk 0:13:27]} Ng4
{[%clk 0:00:46]} 26. Rbe1 {[%clk 0:13:19]} Rd8 {[%clk 0:00:38]} 27. Rxe6
{[%clk 0:13:18]}
1-0

[Event "Landsturneringen 2017"]
[Site "Clarion Energy Hotel, Stavanger"]
[Date "2017.07.04"]
[Round "5"]
[White "Mikelsen, Mattis"]
[Black "Machlik, Edit"]
[Result "0-1"]
[WhiteElo "1764"]
[BlackElo "2084"]
[PlyCount "112"]
[EventDate "2017.??.??"]

1. e4 c6 2. Nc3 d5 3. Nf3 Bg4 4. h3 Bxf3 5. Qxf3 e6 6. d4 dxe4 7. Qxe4 Nf6 8.
Qd3 Na6 9. a3 Qa5 10. Rb1 Nd5 11. Bd2 Nxc3 12. Qxc3 Qb6 13. Bc4 Nc7 14. O-O Be7
15. Be3 Nd5 16. Bxd5 cxd5 17. f4 g6 18. Qb3 Qxb3 19. cxb3 Kd7 20. Kf2 h6 21.
Ke2 f5 22. g4 fxg4 23. hxg4 h5 24. gxh5 Rxh5 25. Rh1 Rah8 26. Rhg1 Rh2+ 27. Kd3
Rg8 28. Rg3 Bd6 29. Rg4 Ke7 30. Bd2 Rh3+ 31. Be3 Kf7 32. Rbg1 Rh2 33. R1g2 Rxg2
34. Rxg2 Rh8 35. Bd2 Rh3+ 36. Kc2 Rh4 37. Kd3 Bxf4 38. Bxf4 Rxf4 39. Ke3 Re4+
40. Kd3 Rh4 41. Rf2+ Kg7 42. b4 g5 43. Re2 Kf6 44. Rf2+ Kg6 45. Rf8 Rh3+ 46.
Kc2 g4 47. Kd2 Rb3 48. Rg8+ Kf5 49. Kc2 Rf3 50. Rg7 g3 51. Rxb7 g2 52. Rg7 Rf2+
53. Kd3 Rxb2 54. Ke3 Kf6 55. Rg4 Kf5 56. Rg7 Rb1
0-1

[Event "Landsturneringen 2017"]
[Site "Clarion Energy Hotel, Stavanger"]
[Date "2017.07.04"]
[Round "5"]
[White "Sjøberg, Isak"]
[Black "Reigstad, Erlend"]
[Result "1-0"]
[WhiteElo "2076"]
[BlackElo "1660"]
[PlyCount "75"]
[EventDate "2017.??.??"]

1. e4 e6 2. d4 d5 3. Nd2 Nc6 4. c3 e5 5. exd5 Qxd5 6. Ngf3 exd4 7. Bc4 Qd6 8.
cxd4 Be7 9. Qb3 Nh6 10. O-O O-O 11. Ne4 Nxd4 12. Nxd6 Nxb3 13. Nxc8 Nxa1 14.
Nxe7+ Kh8 15. Bxh6 gxh6 16. Rxa1 Rae8 17. Nf5 Re4 18. Ne3 Rfe8 19. Kf1 Rxe3 20.
fxe3 Rxe3 21. Bxf7 Kg7 22. Bh5 c5 23. Bg4 Re4 24. Bc8 Re7 25. Rd1 Rc7 26. Rd7+
Rxd7 27. Bxd7 Kf6 28. Ke2 Ke7 29. Bf5 h5 30. g4 Kf6 31. Bc8 b6 32. h4 h6 33.
g5+ hxg5 34. hxg5+ Kg6 35. Ba6 Kf5 36. Bd3+ Ke6 37. g6 Kf6 38. Kd2
1-0

[Event "Landsturneringen 2017"]
[Site "Clarion Energy Hotel, Stavanger"]
[Date "2017.07.04"]
[Round "5"]
[White "Machlik, Monika"]
[Black "Fossan, Andreas"]
[Result "1-0"]
[WhiteElo "2049"]
[BlackElo "1998"]
[PlyCount "57"]

1. d4 {[%clk 1:30:58]} Nf6 {[%clk 1:30:34]} 2. c4 {[%clk 1:31:15]} e6
{[%clk 1:30:15]} 3. Nc3 {[%clk 1:30:50]} Bb4 {[%clk 1:30:43]} 4. Qc2
{[%clk 1:31:05]} Nc6 {[%clk 1:31:05]} 5. e3 {[%clk 1:25:41]} e5 {[%clk 1:31:20]}
6. dxe5 {[%clk 1:24:47]} Nxe5 {[%clk 1:31:43]} 7. Nf3 {[%clk 1:20:13]} d6
{[%clk 1:30:51]} 8. Be2 {[%clk 1:13:26]} O-O {[%clk 1:29:50]} 9. Bd2
{[%clk 1:09:31]} Re8 {[%clk 1:21:54]} 10. a3 {[%clk 1:05:53]} Bxc3
{[%clk 1:20:39]} 11. Bxc3 {[%clk 1:06:02]} a5 {[%clk 1:14:00]} 12. b3
{[%clk 0:59:59]} Bg4 {[%clk 0:56:07]} 13. Nxe5 {[%clk 0:51:07]} dxe5
{[%clk 0:54:09]} 14. Bxg4 {[%clk 0:49:31]} Nxg4 {[%clk 0:51:12]} 15. O-O
{[%clk 0:40:47]} Qh4 {[%clk 0:33:53]} 16. h3 {[%clk 0:41:10]} Nh6
{[%clk 0:32:57]} 17. Rad1 {[%clk 0:37:16]} Ra6 {[%clk 0:23:44]} 18. Rd5
{[%clk 0:32:10]} Rg6 {[%clk 0:19:42]} 19. Bxe5 {[%clk 0:26:39]} Qe7
{[%clk 0:15:05]} 20. Bg3 {[%clk 0:24:11]} Qxa3 {[%clk 0:12:44]} 21. Bxc7
{[%clk 0:22:20]} a4 {[%clk 0:08:53]} 22. bxa4 {[%clk 0:19:49]} Ra6
{[%clk 0:07:43]} 23. a5 {[%clk 0:17:30]} Rc6 {[%clk 0:07:04]} 24. Bf4
{[%clk 0:13:01]} Rec8 {[%clk 0:06:08]} 25. Rfd1 {[%clk 0:12:30]} Qe7
{[%clk 0:03:28]} 26. R1d4 {[%clk 0:08:30]} f6 {[%clk 0:02:29]} 27. Bxh6
{[%clk 0:07:00]} gxh6 {[%clk 0:02:59]} 28. Rd7 {[%clk 0:06:57]} Rxc4
{[%clk 0:03:15]} 29. Qxc4+ {[%clk 0:05:32]}
1-0

[Event "Landsturneringen 2017"]
[Site "Clarion Energy Hotel, Stavanger"]
[Date "2017.07.04"]
[Round "5"]
[White "Kjærås, Alf Marius"]
[Black "Nordquelle, Daniel"]
[Result "0-1"]
[WhiteElo "1713"]
[BlackElo "2047"]
[PlyCount "78"]

1. d4 {[%clk 1:30:57]} Nf6 {[%clk 1:30:47]} 2. Bf4 {[%clk 1:31:16]} g6
{[%clk 1:31:12]} 3. e3 {[%clk 1:31:34]} Bg7 {[%clk 1:31:38]} 4. Nc3
{[%clk 1:31:47]} O-O {[%clk 1:28:50]} 5. h4 {[%clk 1:31:50]} h5 {[%clk 1:25:53]}
6. Be2 {[%clk 1:30:01]} d6 {[%clk 1:18:41]} 7. Nf3 {[%clk 1:29:44]} Bf5
{[%clk 1:18:08]} 8. Qd2 {[%clk 1:23:55]} c5 {[%clk 1:16:05]} 9. dxc5
{[%clk 1:12:26]} dxc5 {[%clk 1:16:11]} 10. Qxd8 {[%clk 1:10:27]} Rxd8
{[%clk 1:16:31]} 11. Bc7 {[%clk 1:10:30]} Rd7 {[%clk 1:09:54]} 12. Bxb8
{[%clk 1:10:03]} Rxb8 {[%clk 1:10:12]} 13. Ne5 {[%clk 1:09:21]} Rd6
{[%clk 0:44:49]} 14. Bc4 {[%clk 0:58:13]} e6 {[%clk 0:40:54]} 15. Rc1
{[%clk 0:39:51]} Ne4 {[%clk 0:30:11]} 16. Nxe4 {[%clk 0:36:08]} Bxe4
{[%clk 0:29:09]} 17. Bd3 {[%clk 0:27:55]} Bxg2 {[%clk 0:27:23]} 18. Rg1
{[%clk 0:28:02]} Bxe5 {[%clk 0:25:23]} 19. Rxg2 {[%clk 0:28:23]} Bxb2
{[%clk 0:25:47]} 20. Rb1 {[%clk 0:28:04]} Bf6 {[%clk 0:24:50]} 21. Rh2
{[%clk 0:25:08]} b6 {[%clk 0:22:47]} 22. Ke2 {[%clk 0:23:39]} Rc8
{[%clk 0:22:07]} 23. c4 {[%clk 0:21:22]} Rcd8 {[%clk 0:19:49]} 24. Rd1
{[%clk 0:21:06]} b5 {[%clk 0:17:02]} 25. Rhh1 {[%clk 0:17:36]} bxc4
{[%clk 0:17:02]} 26. Bxc4 {[%clk 0:17:56]} Rxd1 {[%clk 0:17:27]} 27. Rxd1
{[%clk 0:18:20]} Rxd1 {[%clk 0:17:50]} 28. Kxd1 {[%clk 0:18:47]} Bxh4
{[%clk 0:18:10]} 29. Ke2 {[%clk 0:18:45]} Kf8 {[%clk 0:18:08]} 30. e4
{[%clk 0:17:51]} e5 {[%clk 0:17:35]} 31. f3 {[%clk 0:17:34]} Bg3 {[%clk 0:17:55]}
32. Kd3 {[%clk 0:16:15]} Ke7 {[%clk 0:17:32]} 33. Kc3 {[%clk 0:16:12]} h4
{[%clk 0:17:54]} 34. Bf1 {[%clk 0:16:27]} Kf6 {[%clk 0:18:05]} 35. Kc4
{[%clk 0:16:46]} Bf2 {[%clk 0:18:21]} 36. Kb5 {[%clk 0:17:05]} Kg5
{[%clk 0:18:41]} 37. Ka6 {[%clk 0:17:05]} Kf4 {[%clk 0:19:04]} 38. Kxa7
{[%clk 0:17:20]} c4+ {[%clk 0:19:28]} 39. Kb7 {[%clk 0:17:42]} c3
0-1

[Event "Landsturneringen 2017"]
[Site "Clarion Energy Hotel, Stavanger"]
[Date "2017.07.04"]
[Round "5"]
[White "Olsen, Ulrik"]
[Black "Kizatbay, Alseit"]
[Result "0-1"]
[WhiteElo "1913"]
[BlackElo "1952"]
[PlyCount "60"]
[EventDate "2017.??.??"]

1. Nf3 d5 2. g3 g6 3. Bg2 Bg7 4. d4 Nf6 5. O-O O-O 6. c3 b6 7. Nbd2 Bb7 8. Re1
Nbd7 9. a4 a6 10. b4 Rc8 11. b5 axb5 12. axb5 Ra8 13. Ba3 Re8 14. c4 c5 15.
bxc6 Bxc6 16. cxd5 Bxd5 17. e4 Bb7 18. e5 Nd5 19. e6 fxe6 20. Ng5 Nf8 21. Bh3
Nc7 22. Ndf3 h6 23. Nxe6 Nfxe6 24. Bxe6+ Nxe6 25. Rxe6 Qd5 26. Re3 Rf8 27. Kg2
Qxd4 28. Qxd4 Bxd4 29. Rae1 Bxe3 30. Rxe3 Rxf3
0-1

[Event "Landsturneringen 2017"]
[Site "Clarion Energy Hotel, Stavanger"]
[Date "2017.07.04"]
[Round "5"]
[White "Kyrkjebø, Hanna B"]
[Black "Wadstensvik, Petter Andreas"]
[Result "1-0"]
[WhiteElo "1923"]
[BlackElo "1809"]
[PlyCount "57"]
[EventDate "2017.??.??"]

1. e4 e5 2. Nf3 Nc6 3. d4 exd4 4. Nxd4 Bc5 5. Nb3 Bb6 6. Nc3 d6 7. Qe2 Nf6 8.
Be3 O-O 9. O-O-O Be6 10. f3 Nd7 11. g3 Nce5 12. Bg2 a5 13. Nd4 Qe7 14. Nxe6
Qxe6 15. Kb1 Bxe3 16. Qxe3 a4 17. a3 c6 18. Qd4 Nc4 19. Bf1 Ndb6 20. f4 Rfd8
21. Bxc4 Nxc4 22. f5 c5 23. Qd3 Nxa3+ 24. bxa3 Qe5 25. Nd5 b5 26. Qc3 Qxe4 27.
Rhe1 Qg4 28. Qd3 b4 29. Re4
1-0

[Event "Landsturneringen 2017"]
[Site "Clarion Energy Hotel, Stavanger"]
[Date "2017.07.04"]
[Round "5"]
[White "Greibrokk, Ingrid"]
[Black "Grønn, Eskil Ekeland"]
[Result "1/2-1/2"]
[WhiteElo "1868"]
[BlackElo "1914"]
[PlyCount "213"]
[EventDate "2017.??.??"]

1. e4 c5 2. Nf3 d6 3. d4 cxd4 4. Nxd4 Nf6 5. Nc3 Nc6 6. Bg5 Bd7 7. Qd2 Rc8 8.
O-O-O Nxd4 9. Qxd4 Qa5 10. f4 h6 11. Bh4 g5 12. e5 gxh4 13. exf6 e6 14. Bc4 Qc5
15. Bb3 Rg8 16. Qxc5 dxc5 17. Rd2 a6 18. a4 Rg6 19. Re1 c4 20. Ba2 Bb4 21. Rd4
Bxc3 22. bxc3 Rxg2 23. Bxc4 Bxa4 24. Bd5 Rxc2+ 25. Kb1 R2xc3 26. Rxa4 R3c5 27.
Ba2 Rf5 28. Rg1 Kf8 29. Rg4 Rxf6 30. Rxh4 Rg6 31. Bb3 Kg7 32. Rd4 Rc5 33. Rd7
Rb5 34. Kc2 Kf6 35. f5 Rxf5 36. Rxb7 Rg2+ 37. Kc3 Rf3+ 38. Kb4 Kg5 39. Rc4 Rxh2
40. Rc5+ Kg6 41. Ka5 h5 42. Kxa6 h4 43. Rb4 h3 44. Bc2+ f5 45. Rb6 Re2 46. Rcc6
h2 47. Rxe6+ Kg5 48. Rg6+ Kf4 49. Rb4+ Ke5 50. Rb5+ Kd4 51. Rd6+ Ke3 52. Re5+
Kf4 53. Rxf5+ Kg4 54. Rg6+ Kh4 55. Rxf3 h1=Q 56. Rh6+ Kg4 57. Rxh1 Kxf3 58. Ba4
Re5 59. Bc6+ Ke3 60. Rh4 Kd3 61. Kb6 Ke3 62. Kc7 Re6 63. Kd7 Rf6 64. Re4+ Kd3
65. Bd5 Rf5 66. Kd6 Rf8 67. Rh4 Ke3 68. Ke5 Re8+ 69. Be6 Rf8 70. Re4+ Kd3 71.
Rb4 Re8 72. Rb3+ Kc2 73. Rh3 Ra8 74. Kd4 Rd8+ 75. Bd5 Rc8 76. Rh2+ Kc1 77. Be4
Rd8+ 78. Ke3 Rd2 79. Rh8 Ra2 80. Bd3 Kb2 81. Rb8+ Kc3 82. Rc8+ Kb2 83. Kd4 Ra4+
84. Bc4 Ka3 85. Rh8 Rb4 86. Rh2 Rb2 87. Rh3+ Kb4 88. Rh6 Ka3 89. Kc5 Rb7 90.
Rh3+ Kb2 91. Kd4 Rd7+ 92. Bd5 Rc7 93. Rb3+ Kc2 94. Ra3 Kc1 95. Bc4 Rd7+ 96. Kc3
Rb7 97. Ra2 Kb1 98. Ra8 Kc1 99. Rg8 Rd7 100. Rg2 Rd8 101. Bd3 Rc8+ 102. Kd4
Rd8+ 103. Ke3 Re8+ 104. Be4 Rd8 105. Rc2+ Kd1 106. Rc7 Re8 107. Rb7
1/2-1/2

[Event "Landsturneringen 2017"]
[Site "Clarion Energy Hotel, Stavanger"]
[Date "2017.07.04"]
[Round "5"]
[White "Kyrkjebø, Marte B"]
[Black "Pettersen, Johan"]
[Result "1-0"]
[WhiteElo "1833"]
[BlackElo "1896"]
[PlyCount "35"]
[EventDate "2017.??.??"]

1. e4 e6 2. d3 d5 3. Qe2 Nf6 4. Nf3 c5 5. g3 Nc6 6. Bg2 Be7 7. O-O O-O 8. e5
Nd7 9. c4 f6 10. exf6 Nxf6 11. Nc3 Nd4 12. Qd1 Nxf3+ 13. Bxf3 d4 14. Ne4 Nxe4
15. Bxe4 e5 16. Qh5 g6 17. Qxe5 Bd6 18. Bd5+
1-0

[Event "Landsturneringen 2017"]
[Site "Clarion Energy Hotel, Stavanger"]
[Date "2017.07.04"]
[Round "5"]
[White "Jarve, Edvin"]
[Black "Skjølås, Erling Dyrhaug"]
[Result "1-0"]
[WhiteElo "1843"]
[BlackElo "1837"]
[PlyCount "95"]
[EventDate "2017.??.??"]

1. d4 Nf6 2. c4 g6 3. Nc3 Bg7 4. e4 d6 5. f3 O-O 6. Be3 Nc6 7. Nge2 e5 8. d5
Ne7 9. g4 Ne8 10. Ng3 f5 11. gxf5 gxf5 12. Bf2 f4 13. Nge2 Ng6 14. Qd3 Nh4 15.
O-O-O Kh8 16. Kb1 Bf6 17. Rc1 Bd7 18. c5 a6 19. Ka1 Rg8 20. Rg1 Rxg1 21. Nxg1
Be7 22. cxd6 cxd6 23. Bh3 Bxh3 24. Nxh3 Qd7 25. Ng1 Rc8 26. Kb1 b5 27. Nce2 Ng2
28. Rxc8 Qxc8 29. Qc2 Qxc2+ 30. Kxc2 Bd8 31. b4 Kg7 32. Kb3 Kf7 33. a4 bxa4+
34. Kxa4 Nf6 35. b5 axb5+ 36. Kxb5 Be7 37. Nc1 Nd7 38. Nd3 h6 39. Nb4 Ke8 40.
Nc6 Bh4 41. Bxh4 Nxh4 42. Na7 Nf6 43. Kc6 Nxf3 44. Nxf3 Nxe4 45. Nc8 Kd8 46.
Nxd6 Nxd6 47. Kxd6 e4 48. Nd2
1-0

[Event "Landsturneringen 2017"]
[Site "Clarion Energy Hotel, Stavanger"]
[Date "2017.07.04"]
[Round "5"]
[White "Keadana, Amir"]
[Black "Næss, Sara"]
[Result "1/2-1/2"]
[WhiteElo "1829"]
[BlackElo "1786"]
[PlyCount "25"]
[EventDate "2017.??.??"]

1. e4 c6 2. d4 d5 3. exd5 cxd5 4. Bd3 Nf6 5. c3 Nc6 6. Bf4 g6 7. Nd2 Bg7 8. h4
O-O 9. h5 e5 10. dxe5 Ng4 11. hxg6 fxg6 12. Bg3 Ncxe5 13. Be2
1/2-1/2